Remote Sensing & Geographical Information Systems 5th Ed. (Record no. 21546)

MARC details
000 -LEADER
fixed length control field 00365nam a22001457a 4500
008 - FIXED-LENGTH DATA ELEMENTS--GENERAL INFORMATION
fixed length control field 250926b |||||||| |||| 00| 0 eng d
020 ## - INTERNATIONAL STANDARD BOOK NUMBER
ISBN 978-93-95038-56-0
100 ## - MAIN ENTRY--AUTHOR NAME
Personal name M.A. Reddy
245 ## - TITLE STATEMENT
Title Remote Sensing & Geographical Information Systems 5th Ed.
250 ## - EDITION STATEMENT
Edition statement 5th
260 ## - PUBLICATION, DISTRIBUTION, ETC. (IMPRINT)
Place of publication Hyderabad
Name of publisher BS
Year of publication 2024
300 ## - PHYSICAL DESCRIPTION
Number of Pages 661
650 ## - SUBJECT ADDED ENTRY--TOPICAL TERM
Topical Term Civil
942 ## - ADDED ENTRY ELEMENTS (KOHA)
Source of classification or shelving scheme Dewey Decimal Classification
Koha item type Books
Holdings
Accession Number Cost, normal purchase price Bill Date Source of acquisition Price effective from Koha item type Withdrawn / writtenoff status Damaged status Not for loan Permanent Location Current Location Shelving location Date acquired Lost/ Missing status department
BE 25219 895.00 08-09-2025 ABD Publisher 09/26/2025 Books     Not For Loan MIET Library, Jammu MIET Library, Jammu 156/5 09/08/2025   BE
BE 25220 895.00 08-09-2025 ABD Publisher 09/26/2025 Books       MIET Library, Jammu MIET Library, Jammu 112/5 09/08/2025   BE
BE 25221 895.00 08-09-2025 ABD Publisher 09/26/2025 Books       MIET Library, Jammu MIET Library, Jammu 112/5 09/08/2025   BE
BE 25222 895.00 08-09-2025 ABD Publisher 09/26/2025 Books       MIET Library, Jammu MIET Library, Jammu 112/5 09/08/2025   BE
BE 25223 895.00 08-09-2025 ABD Publisher 09/26/2025 Books       MIET Library, Jammu MIET Library, Jammu 112/5 09/08/2025   BE